| 000 | 00569cab a2200193 4500 | ||
|---|---|---|---|
| 001 | WB3502-05 | ||
| 008 | 090401t1999 xxu||||| |||| 00| 0 eng d | ||
| 035 | _a(Sirsi) u90660 | ||
| 041 | _aeng | ||
| 245 | _aGolf courses boom falls in the rough | ||
| 260 | _c1999 | ||
| 350 | _a0 | ||
| 490 |
_aSunday Telegraph _v10 January 1999, 8(2) |
||
| 520 | _aAt least 90 cash-strapped golf clubs in England are up for sale at a loss following the 1980s boom. Map. | ||
| 650 | _aGOLF COURSES | ||
| 690 | _aPROPERTY-COMMERCIAL PROPERTY | ||
| 942 | _n0 | ||
| 948 | _c12/01/1999 | ||
| 999 |
_c57485 _d57485 |
||